Datum a čas kvízu
24.5
Celkem bodů
Celkový počet nahraných bodů na tomto kvízu bez doplňovacích otázek.
9.
Pořadí na kvízu
Konečné umístění týmu na tomto kvízu.
Zaznamenané odpovědi
| # | Otázka | Odpověď | Body | Výsledky |
|---|---|---|---|---|
| 1. | Ve věku 97 let nás opustil Jiř... | D) stenograf | 0 | |
| 2. | V pondělí začalo největší nábo... | v Indii | 0 | |
| 3. | V pondělí byly odhaleny nomina... | Vlny | 1 | |
| 4. | Napište název státu, z něhož p... | z Pákistánu | 0 | |
| 5. | Kterému týmu se minulý týden p... | Buffalo Sabres | 0 | |
| 6. | Který legendární řemeslník pos... | Daidalos | 0 | |
| 7. | Labyrint je specializovaný org... | D | 0 | |
| 8. | Labyrinty, spirály a podobné o... | Friedensreich Hundertwasser | 0 | |
| 9. | Která kost lebky obsahuje kost... | kost spánková | 1 | |
| 10. | Jak se jmenuje kniha, která by... | Labyrint světa a ráj srdce | 1 |